Richtige düngung durch bodenuntersuchung /
Guardado en:
| Autor Principal: | |
|---|---|
| Otros Autores: | |
| Formato: | Libro |
| Idioma: | German |
| Publicado: |
Hamburg :
Verlag Paul Parey,
1957.
|
| Etiquetas: |
Agregar Etiqueta
Sin Etiquetas, Sea el primero en etiquetar este registro!
|
| LEADER | 00464nam a22001455a 4500 | ||
|---|---|---|---|
| 001 | EEA.libagro001978 | ||
| 005 | 20150413111606.0 | ||
| 008 | 130809s1957####gw#a##########000#0#ger#d | ||
| 082 | 0 | 4 | |a 631.8 |
| 100 | 1 | |a Lindemann, A. | |
| 245 | 1 | 0 | |a Richtige düngung durch bodenuntersuchung / |c A. Lindemann und A. Ludwig. |
| 260 | |a Hamburg : |b Verlag Paul Parey, |c 1957. | ||
| 300 | |a 119 p. : |b il. ; |c 23 cm. | ||
| 700 | 1 | |a Ludwig, A. | |
| 859 | |a AR-BbBCA |b BIB. AGRONOMIA |h 631.8 |i L743 |p 1961/0245 | ||
